[Event "Helsingor Xtracon op"]
[Site "Helsingor"]
[Date "2018.07.28"]
[Round "9"]
[White "Green, Per"]
[Black "Kallenbach, Olav"]
[Result "1/2-1/2"]
[WhiteElo "1927"]
[BlackElo "1838"]
[PlyCount "92"]
[EventDate "2018.07.21"]
[EventType "swiss"]
[EventRounds "10"]
[EventCountry "DEN"]
[SourceTitle "CBM 185 Extra"]
[Source "ChessBase"]
[SourceDate "2018.07.29"]
[SourceVersion "1"]
[SourceVersionDate "2018.07.29"]
[SourceQuality "1"]

1. c4 f5 2. g3 Nf6 3. Bg2 e5 4. d4 exd4 5. Qxd4 Nc6 6. Qd1 Bb4+ 7. Bd2 Qe7 8. Nf3 d5 9. cxd5 Nxd5 10. 0-0 Be6 11. Bg5 Nf6 12. Qc2 0-0-0 13. Nc3 h6 14. Bxf6 Qxf6 15. Rac1 g5 16. Nb5 Ba5 17. e3 Bd5 18. Nfd4 Bxg2 19. Kxg2 Nxd4 20. Nxd4 f4 21. Qf5+ Qxf5 22. Nxf5 fxe3 23. Nxe3 Bd2 24. Rc2 Bxe3 25. fxe3 Rhf8 26. Rf3 Kd7 27. e4 c6 28. Rf5 Ke7 29. Rcf2 b6 30. b3 c5 31. h3 a6 32. Kf1 Rd1+ 33. Kg2 Rfd8 34. Rf6 R8d6 35. Rf7+ Ke6 36. Rf8 R1d2 37. Re8+ Kd7 38. Rh8 Rxf2+ 39. Kxf2 Kc6 40. Ke3 Re6 41. Rd8 Kb5 42. a3 a5 43. Rd5 Kc6 44. a4 Rg6 45. Rf5 b5 46. Rf6+ Kb7 1/2-1/2

[Event "Helsingor Xtracon op"]
[Site "Helsingor"]
[Date "2018.07.25"]
[Round "6"]
[White "Kallenbach, Olav"]
[Black "Shehzad, Alisha"]
[Result "1-0"]
[WhiteElo "1838"]
[BlackElo "1650"]
[PlyCount "47"]
[EventDate "2018.07.21"]
[EventType "swiss"]
[EventRounds "10"]
[EventCountry "DEN"]
[SourceTitle "CBM 185 Extra"]
[Source "ChessBase"]
[SourceDate "2018.07.29"]
[SourceVersion "1"]
[SourceVersionDate "2018.07.29"]
[SourceQuality "1"]

1. e4 c5 2. Nf3 e6 3. d4 cxd4 4. Nxd4 Nc6 5. Be3 a6 6. Be2 Nf6 7. Nc3 Qc7 8. 0-0 Bb4 9. Nxc6 bxc6 10. a3 Bxc3 11. bxc3 Nxe4 12. Qd4 Nf6 13. Bf4 Qa5 14. Bd6 Qd5 15. Qf4 Ne4 16. Bb4 Qf5 17. Qe3 d5 18. f3 Nf6 19. Qc5 Ra7 20. Qxa7 Nd7 21. Qc7 c5 22. Qxc8+ Ke7 23. Qxh8 cxb4 24. Bd3 1-0

[Event "Helsingor Xtracon op"]
[Site "Helsingor"]
[Date "2018.07.24"]
[Round "5"]
[White "Jensen, Torben W"]
[Black "Kallenbach, Olav"]
[Result "1/2-1/2"]
[WhiteElo "1615"]
[BlackElo "1838"]
[PlyCount "96"]
[EventDate "2018.07.21"]
[EventType "swiss"]
[EventRounds "10"]
[EventCountry "DEN"]
[SourceTitle "CBM 185 Extra"]
[Source "ChessBase"]
[SourceDate "2018.07.29"]
[SourceVersion "1"]
[SourceVersionDate "2018.07.29"]
[SourceQuality "1"]

1. e4 c5 2. Nf3 Nc6 3. d4 cxd4 4. Nxd4 Nf6 5. Nc3 g6 6. Be3 Bg7 7. f3 0-0 8. Qd2 d5 9. Nxc6 bxc6 10. 0-0-0 e6 11. Bh6 Qa5 12. Bxg7 Kxg7 13. Kb1 Rb8 14. exd5 Qb4 15. b3 exd5 16. Qd4 Qxd4 17. Rxd4 c5 18. Ra4 d4 19. Ne4 Nxe4 20. fxe4 Rb7 21. Ba6 Rc7 22. Bxc8 Rfxc8 23. Rc4 Kf6 24. c3 Ke5 25. Re1 Rc6 26. Kc2 Rd6 27. cxd4+ Rxd4 28. Kc3 Rxc4+ 29. Kxc4 Rd8 30. Re2 Rd4+ 31. Kxc5 Rxe4 32. Rxe4+ Kxe4 33. b4 f5 34. a4 g5 35. b5 f4 36. a5 g4 37. b6 axb6+ 38. axb6 f3 39. gxf3+ gxf3 40. b7 f2 41. b8Q f1Q 42. Qb7+ Ke3 43. Qxh7 Qf8+ 44. Kc6 Qf3+ 45. Kd6 Qf4+ 46. Ke6 Qe4+ 47. Qxe4+ Kxe4 48. Kf6 Kf4 1/2-1/2

[Event "Bronshoj Lang Weekend"]
[Site "Copenhagen"]
[Date "2018.02.18"]
[Round "6"]
[White "Kallenbach, Olav"]
[Black "Stage Steffensen, Sander"]
[Result "1/2-1/2"]
[WhiteElo "1845"]
[BlackElo "1913"]
[PlyCount "65"]
[EventDate "2018.02.15"]
[EventType "swiss"]
[EventRounds "7"]
[EventCountry "DEN"]
[SourceTitle "CBM 183 Extra"]
[Source "ChessBase"]
[SourceDate "2018.04.19"]
[SourceVersion "1"]
[SourceVersionDate "2018.04.19"]
[SourceQuality "1"]

1. e4 e5 2. Nf3 Nc6 3. d4 exd4 4. Nxd4 Nf6 5. Nxc6 bxc6 6. Bd3 g6 7. Bg5 d6 8. Nc3 Bg7 9. 0-0 0-0 10. Qd2 Rb8 11. b3 Qe8 12. Rae1 Nd7 13. Bh6 Qe5 14. Bxg7 Qxg7 15. f4 Qd4+ 16. Kh1 Nc5 17. Ne2 Qg7 18. f5 Re8 19. Ng3 Nxd3 20. cxd3 g5 21. Nh5 Qh6 22. g4 c5 23. Qc3 Re5 24. d4 cxd4 25. Qxc7 Ra8 26. Qd8+ Qf8 27. Qxg5+ Kh8 28. Qd2 Ba6 29. Rf3 d3 30. Rh3 Qe7 31. f6 Qf8 32. Ng7 Rc8 33. Rxd3 1/2-1/2